00273nam a2200109Ia 4500008004100000100001400041245003600055260004100091300000900132942000700141999001500148190216s9999||||xx |||||||||||||| ||und|| aGhosh P.K 0aIntroduction To Cost Accounting bPrentice Hall Of India Pvt Ltdc1968 a521p cBK c3892d3892